Komparácia metód používaných na oceňovanie majetku diplomová práca

Gespeichert in:
Bibliographische Detailangaben
1. Verfasser: Kolesár, Martin
Körperschaft: Podnikovohospodárska fakulta EU so sídlom v Košiciach. Katedra finančného riadenia podniku
Weitere Verfasser: Kudlová, Zuzana, 1986-
Format: Buch
Sprache:Slowakisch
Veröffentlicht: Košice 2024
Tags: Tag hinzufügen
Keine Tags, Fügen Sie das erste Tag hinzu!

MARC

LEADER 00000nbm a2200000 4500
001 0301366
005 20250911140111.3
041 0 |a slo 
044 |a SK 
245 1 0 |a Komparácia metód používaných na oceňovanie majetku  |b diplomová práca  |c Martin Kolesár ; školiteľ: Zuzana Kudlová 
264 1 |a Košice  |c 2024 
300 |a 67 s. 
100 1 |a Kolesár, Martin 
700 1 |a Kudlová, Zuzana, 1986- 
710 2 |a Podnikovohospodárska fakulta EU so sídlom v Košiciach. Katedra finančného riadenia podniku